[Event "CHI-ch (Women)"]
[Site "Las Condes"]
[Date "2022.02.25"]
[Round "9"]
[White "Gomez Barrera, Javiera Belen"]
[Black "Fuentes Inzunza, Lesly"]
[Result "1-0"]
[WhiteElo "2199"]
[BlackElo "1816"]
[PlyCount "63"]
[EventDate "2022.02.18"]
[EventType "tourn"]
[EventRounds "11"]
[EventCountry "CHI"]
[SourceTitle "CBM 207 Extra"]
[Source "ChessBase"]
[SourceDate "2022.05.31"]
[SourceVersion "1"]
[SourceVersionDate "2022.05.31"]
[SourceQuality "1"]

1. e4 c6 2. d4 d5 3. e5 Bf5 4. h4 h5 5. Bg5 Qd7 6. Bd3 Bxd3 7. Qxd3 e6 8. Ne2 Ne7 9. Nd2 Nf5 10. Ng3 g6 11. Rd1 Na6 12. Nxf5 gxf5 13. a3 c5 14. c4 dxc4 15. Nxc4 b5 16. Qf3 Qd5 17. Qxd5 exd5 18. Ne3 cxd4 19. Rxd4 Bg7 20. Rxd5 Nc7 21. Rc5 Ne6 22. Rxb5 a6 23. Ra5 f4 24. Nf5 0-0 25. Bf6 Bxf6 26. exf6 Kh7 27. Ne7 Kh6 28. 0-0 Rfb8 29. Re1 Rxb2 30. a4 f3 31. Ree5 Nf4 32. g3 1-0

[Event "CHI-ch (Women)"]
[Site "Las Condes"]
[Date "2022.02.21"]
[Round "4"]
[White "Araos Diaz, Constanza Paz"]
[Black "Fuentes Inzunza, Lesly"]
[Result "0-1"]
[WhiteElo "1435"]
[BlackElo "1816"]
[PlyCount "120"]
[EventDate "2022.02.18"]
[EventType "tourn"]
[EventRounds "11"]
[EventCountry "CHI"]
[SourceTitle "CBM 207 Extra"]
[Source "ChessBase"]
[SourceDate "2022.05.31"]
[SourceVersion "1"]
[SourceVersionDate "2022.05.31"]
[SourceQuality "1"]

1. d4 d5 2. Bf4 Nf6 3. e3 c5 4. c3 Nc6 5. Bd3 Bg4 6. Be2 Bxe2 7. Qxe2 e6 8. Nd2 cxd4 9. exd4 Bd6 10. Bxd6 Qxd6 11. Ngf3 0-0 12. 0-0 h6 13. Ne5 b5 14. Nxc6 Qxc6 15. Rac1 a5 16. Nf3 Qc4 17. Qxc4 bxc4 18. Nd2 a4 19. b3 axb3 20. axb3 Ra2 21. Rfd1 cxb3 22. Nxb3 Ne4 23. f3 Nd6 24. Rd2 Rxd2 25. Nxd2 Rc8 26. Kf2 Nb5 27. Ke3 Rxc3+ 28. Rxc3 Nxc3 29. Nb3 Kf8 30. Kd2 Nb5 31. Kd3 Ke7 32. g3 g5 33. h3 h5 34. Nc1 Kf6 35. Ne2 Kg6 36. Ke3 Nd6 37. f4 g4 38. h4 Nf5+ 39. Kd3 Kf6 40. Kd2 Ke7 41. Kd3 Kd6 42. Kc3 f6 43. Kd3 Kc6 44. Kc3 Kd6 45. Kd3 Kc7 46. Kc3 Kc6 47. Kb4 Kd6 48. Kc3 e5 49. fxe5+ fxe5 50. dxe5+ Kxe5 51. Kd3 d4 52. Nf4 Nxg3 53. Ng2 Nf5 54. Ke2 Ke4 55. Kf2 d3 56. Kf1 Ne3+ 57. Nxe3 Kxe3 58. Ke1 g3 59. Kd1 g2 60. Ke1 g1R# 0-1

[Event "CHI-ch (Women)"]
[Site "Las Condes"]
[Date "2022.02.19"]
[Round "2"]
[White "Vildosola Canales, Melany Selena"]
[Black "Fuentes Inzunza, Lesly"]
[Result "0-1"]
[WhiteElo "1645"]
[BlackElo "1816"]
[PlyCount "92"]
[EventDate "2022.02.18"]
[EventType "tourn"]
[EventRounds "11"]
[EventCountry "CHI"]
[SourceTitle "CBM 207 Extra"]
[Source "ChessBase"]
[SourceDate "2022.05.31"]
[SourceVersion "1"]
[SourceVersionDate "2022.05.31"]
[SourceQuality "1"]

1. e4 c6 2. d4 d5 3. exd5 cxd5 4. c4 Nf6 5. Nc3 g6 6. Qb3 dxc4 7. Bxc4 e6 8. Nf3 Bg7 9. 0-0 0-0 10. Bf4 a6 11. Bxb8 Rxb8 12. Bxa6 Ng4 13. h3 Nh6 14. Bb5 Nf5 15. Rad1 Qb6 16. Bc4 Qxb3 17. Bxb3 Rd8 18. Ne2 b6 19. Rfe1 Bb7 20. Ne5 Rbc8 21. Kh2 Ba6 22. Nf4 Nxd4 23. Ned3 Nxb3 24. axb3 e5 25. Nb4 exf4 26. Nxa6 Bxb2 27. Nb4 Bc3 28. Rxd8+ Rxd8 29. Re4 f5 30. Rc4 Be1 31. Rxf4 Rd2 32. Kg1 Rd1 33. Kh2 Kf7 34. Nc6 Kf6 35. h4 Rb1 36. b4 h6 37. Kg3 Rb2 38. Rf3 g5 39. hxg5+ hxg5 40. Nd4 f4+ 41. Kh3 Bxf2 42. Nc6 Be3 43. Nb8 Kf5 44. Rf1 Rxb4 45. Nc6 Rb2 46. Ne7+ Ke4 0-1

[Event "Online Olym Div3 D"]
[Site "Chess.com INT"]
[Date "2020.08.09"]
[Round "8.4"]
[White "Roepke, Sofia"]
[Black "Fuentes Inzunza, Lesly"]
[Result "1/2-1/2"]
[WhiteElo "1589"]
[BlackElo "1840"]
[PlyCount "156"]
[EventDate "2020.08.07"]
[EventType "team-tourn (rapid)"]
[EventRounds "9"]
[EventCountry "USA"]
[SourceTitle "CBM 198"]
[Source "ChessBase"]
[SourceDate "2020.10.31"]
[SourceVersion "1"]
[SourceVersionDate "2020.10.31"]
[SourceQuality "1"]
[WhiteTeam "Uruguay"]
[BlackTeam "Chile"]
[WhiteTeamCountry "URU"]
[BlackTeamCountry "CHI"]

1. e4 c6 2. d4 d5 3. exd5 cxd5 4. Bd3 Nc6 5. c3 Qc7 6. h3 Nf6 7. Nf3 g6 8. 0-0 Bg7 9. Na3 a6 10. Nc2 0-0 11. Nce1 Re8 12. Bc2 e5 13. dxe5 Nxe5 14. Nxe5 Qxe5 15. Nf3 Qh5 16. Nd4 Bd7 17. Qxh5 Nxh5 18. Be3 Rac8 19. Bb3 Bc6 20. Rad1 Nf6 21. Rd3 Ne4 22. Rfd1 Nc5 23. R3d2 Nxb3 24. axb3 f5 25. Ne2 Re4 26. g3 Rce8 27. Nd4 Kf7 28. Kf1 h6 29. b4 Kg8 30. Kg2 Kh7 31. Kf1 h5 32. Kg2 Bh6 33. Bxh6 Kxh6 34. f3 Re3 35. Kf2 Kg5 36. h4+ Kf6 37. Re2 Rxe2+ 38. Nxe2 Rd8 39. Nf4 Rd7 40. Ke3 Re7+ 41. Kd4 Re5 42. Nxg6 Re2 43. Nf4 Rxb2 44. Nxh5+ Kg6 45. Nf4+ Kf6 46. Nxd5+ Bxd5 47. Kxd5 Rg2 48. c4 Rxg3 49. f4 Rg4 50. Rh1 Rxf4 51. h5 Re4 52. h6 Re8 53. h7 Rh8 54. c5 Rd8+ 55. Kc4 Rh8 56. Kd5 Rd8+ 57. Kc4 Rh8 58. b5 axb5+ 59. Kxb5 f4 60. Kb6 f3 61. Rf1 Rxh7 62. Rxf3+ Ke6 63. Rd3 Rg7 64. Rd6+ Ke5 65. Ka7 Rc7 66. Kb6 Rh7 67. Rd8 Ke6 68. Rb8 Kd5 69. Rc8 Rg7 70. Rd8+ Ke6 71. Rd6+ Ke5 72. Rd1 Ke6 73. Ka7 Rc7 74. Rd6+ Ke5 75. Kb6 Rh7 76. Rd8 Ke6 77. Rb8 Kd5 78. Rd8+ Ke6 1/2-1/2

[Event "Speed Chess (Women) Q4"]
[Site "Chess.com INT"]
[Date "2020.06.21"]
[Round "7"]
[White "Fuentes Inzunza, Lesly"]
[Black "Frattini, Beatriz Maria"]
[Result "0-1"]
[WhiteElo "1840"]
[BlackElo "1868"]
[PlyCount "154"]
[EventDate "2020.06.21"]
[EventType "swiss (blitz)"]
[EventRounds "9"]
[EventCountry "USA"]
[SourceTitle "CBM 196 Extra"]
[Source "ChessBase"]
[SourceDate "2020.07.31"]
[SourceVersion "1"]
[SourceVersionDate "2020.07.31"]
[SourceQuality "1"]

1. d4 Nf6 2. c4 g6 3. Nc3 d5 4. cxd5 Nxd5 5. e4 Nxc3 6. bxc3 Bg7 7. Nf3 c5 8. Be3 0-0 9. h3 b6 10. Be2 Bb7 11. e5 Nd7 12. 0-0 e6 13. Qc2 Rc8 14. Qa4 Qc7 15. Rac1 Bc6 16. Qa3 Qb7 17. Rfd1 Rfd8 18. Bg5 Re8 19. Ba6 Qb8 20. Bxc8 Qxc8 21. Ne1 Qb7 22. Be3 Rd8 23. f3 Rc8 24. Kf2 b5 25. Qb2 Nb6 26. Qe2 Nd5 27. Nd3 cxd4 28. cxd4 Nxe3 29. Qxe3 Qa6 30. Rd2 Bd5 31. Nb4 Qb7 32. Rxc8+ Qxc8 33. Rc2 Qb7 34. Nxd5 Qxd5 35. Kf1 h6 36. Qe4 Qd7 37. Rd2 Qc7 38. f4 a5 39. d5 Qc1+ 40. Ke2 exd5 41. Qxd5 Qb1 42. Qd3 Qb4 43. g3 Kh7 44. h4 h5 45. Qd4 Qb1 46. Qb2 Qe4+ 47. Kf2 b4 48. a3 Bf8 49. axb4 axb4 50. Rd7 Kg8 51. Qb3 Bc5+ 52. Kf1 Qh1+ 53. Ke2 Qg2+ 54. Kd1 Qf1+ 55. Kc2 Qf2+ 56. Rd2 Qe3 57. Qxe3 Bxe3 58. Rd3 Bf2 59. Kb3 Be1 60. Re3 Bd2 61. Rd3 Bc3 62. Kc4 Kg7 63. Rxc3 bxc3 64. Kxc3 Kf8 65. Kd4 Ke7 66. Kd5 Kd7 67. Kc5 Ke6 68. Kc6 Kf5 69. Kd6 Kg4 70. e6 fxe6 71. Kxe6 Kxg3 72. Kf6 Kxf4 73. Kxg6 Kg4 74. Kf6 Kxh4 75. Kf5 Kg3 76. Ke4 h4 77. Ke3 h3 0-1

[Event "Speed Chess (Women) Q2"]
[Site "Chess.com INT"]
[Date "2020.06.19"]
[Round "6"]
[White "Demchenko, Svitlana"]
[Black "Fuentes Inzunza, Lesly"]
[Result "0-1"]
[WhiteElo "2071"]
[BlackElo "1840"]
[PlyCount "92"]
[EventDate "2020.06.19"]
[EventType "swiss (blitz)"]
[EventRounds "13"]
[EventCountry "USA"]
[SourceTitle "CBM 196 Extra"]
[Source "ChessBase"]
[SourceDate "2020.07.31"]
[SourceVersion "1"]
[SourceVersionDate "2020.07.31"]
[SourceQuality "1"]

1. e4 c6 2. d4 d5 3. e5 Bf5 4. Nc3 e6 5. g4 Bg6 6. Nge2 Ne7 7. h4 h5 8. Nf4 hxg4 9. Qxg4 Bf5 10. Qd1 Nd7 11. Be3 Ng6 12. h5 Nxf4 13. Bxf4 Qb6 14. Na4 Qa5+ 15. c3 c5 16. dxc5 Nxc5 17. Nxc5 Qxc5 18. Be3 Qc7 19. Bb5+ Kd8 20. f4 a6 21. Ba4 Be4 22. Rg1 Qc4 23. Bc2 Kc8 24. Bd4 Bxc2 25. Qxc2 Rxh5 26. 0-0-0 b5 27. Kb1 Kb7 28. Qg2 Rc8 29. Qg4 g6 30. Ka1 b4 31. cxb4 Bxb4 32. Qf3 Rh2 33. a3 Ba5 34. Rd3 Rc2 35. Rb3+ Ka8 36. Bb6 Rc1+ 37. Rxc1 Qxc1+ 38. Ka2 Bxb6 39. Rxb6 Qc4+ 40. Rb3 Rb8 41. Qe3 a5 42. a4 Qxa4+ 43. Ra3 Qc4+ 44. Kb1 a4 45. Qd2 Qb4 46. Qd3 Qxb2# 0-1

[Event "Speed Chess (Women) Q2"]
[Site "Chess.com INT"]
[Date "2020.06.19"]
[Round "3"]
[White "Rakshitta, Ravi"]
[Black "Fuentes Inzunza, Lesly"]
[Result "1-0"]
[WhiteElo "2190"]
[BlackElo "1840"]
[PlyCount "73"]
[EventDate "2020.06.19"]
[EventType "swiss (blitz)"]
[EventRounds "13"]
[EventCountry "USA"]
[SourceTitle "CBM 196 Extra"]
[Source "ChessBase"]
[SourceDate "2020.07.31"]
[SourceVersion "1"]
[SourceVersionDate "2020.07.31"]
[SourceQuality "1"]

1. e4 c6 2. d4 d5 3. Nc3 dxe4 4. Nxe4 Nf6 5. Nxf6+ exf6 6. c3 Bd6 7. Bd3 0-0 8. Ne2 Re8 9. Qc2 h6 10. 0-0 Bg4 11. f3 Be6 12. Nf4 Qc7 13. Nxe6 Bxh2+ 14. Kh1 Rxe6 15. Bf5 Re8 16. f4 Bg3 17. Qd3 Re1 18. Rxe1 Bxe1 19. Qe2 g6 20. Qxe1 gxf5 21. Be3 Nd7 22. Qh4 Kh7 23. Rf1 Rg8 24. Qh5 Qa5 25. Rf3 Qd5 26. c4 Qe4 27. Qxf7+ Rg7 28. Qh5 Nf8 29. Qh4 Qb1+ 30. Kh2 Qxb2 31. Rf2 Qxa2 32. Rxa2 a6 33. Rf2 Ng6 34. Qxf6 b5 35. Qxf5 bxc4 36. Qe4 c3 37. f5 1-0

[Event "Speed Chess (Women) Q1"]
[Site "Chess.com INT"]
[Date "2020.06.18"]
[Round "6"]
[White "Kiseleva, Simona"]
[Black "Fuentes Inzunza, Lesly"]
[Result "1-0"]
[WhiteElo "2171"]
[BlackElo "1840"]
[PlyCount "93"]
[EventDate "2020.06.18"]
[EventType "swiss (blitz)"]
[EventRounds "9"]
[EventCountry "USA"]
[SourceTitle "CBM 196 Extra"]
[Source "ChessBase"]
[SourceDate "2020.07.31"]
[SourceVersion "1"]
[SourceVersionDate "2020.07.31"]
[SourceQuality "1"]

1. d4 d5 2. c4 e6 3. Nc3 Be7 4. Nf3 Nf6 5. Bg5 0-0 6. e3 Ne4 7. Bxe7 Qxe7 8. cxd5 Nxc3 9. bxc3 exd5 10. Bd3 c6 11. h3 h6 12. 0-0 Be6 13. Bc2 Nd7 14. Qd3 g6 15. Qd1 b5 16. e4 a6 17. Re1 dxe4 18. Bxe4 Qd6 19. a4 Rac8 20. Qd2 Kg7 21. h4 Bc4 22. h5 Nf6 23. hxg6 Nxe4 24. Rxe4 fxg6 25. Ne5 Bd5 26. Rg4 Rf6 27. Rg3 Rcf8 28. f3 h5 29. Qg5 Kh7 30. axb5 cxb5 31. Qh4 Bb7 32. Qh3 Bc8 33. Qh4 Bf5 34. Qg5 Rc8 35. Qe3 Qc7 36. Rc1 a5 37. Rg5 a4 38. g4 hxg4 39. fxg4 Bd7 40. Nxg6 Rxg6 41. Qe7+ Kh8 42. Rh5+ Kg8 43. Qh7+ Kf8 44. Rf1+ Ke8 45. Qxg6+ Kd8 46. Rh8+ Be8 47. Qxe8# 1-0

[Event "CHI-ch (Women)"]
[Site "Santiago de Chile"]
[Date "2020.02.15"]
[Round "5"]
[White "Luna Benalcazar, Gianella"]
[Black "Fuentes Inzunza, Lesly"]
[Result "0-1"]
[WhiteElo "1757"]
[BlackElo "1851"]
[PlyCount "76"]
[EventDate "2020.02.11"]
[EventType "tourn"]
[EventRounds "9"]
[EventCountry "CHI"]
[SourceTitle "CBM 195 Extra"]
[Source "ChessBase"]
[SourceDate "2020.05.31"]
[SourceVersion "1"]
[SourceVersionDate "2020.05.31"]
[SourceQuality "1"]

1. d4 d5 2. c4 e6 3. Nc3 Be7 4. Nf3 Nf6 5. Bg5 0-0 6. Qc2 h6 7. Bxf6 Bxf6 8. e3 b6 9. cxd5 exd5 10. Bd3 Bb7 11. g4 c5 12. 0-0-0 cxd4 13. exd4 Qd6 14. Qd2 Nc6 15. Bb5 Bc8 16. Rdg1 Nxd4 17. Qe3 Nxb5 18. Nxb5 Qb4 19. Nbd4 Ba6 20. Kb1 Rfe8 21. Qb3 Qxb3 22. axb3 Bd3+ 23. Kc1 Be4 24. Kd2 Bxd4 25. Nxd4 Bxh1 26. Rxh1 Re4 27. Nf5 Rxg4 28. Ne3 Rf4 29. Rf1 Rd8 30. f3 h5 31. Ng2 Rb4 32. Rf2 Rxb3 33. Kc2 Rb4 34. Kc3 a5 35. Rd2 d4+ 36. Kd3 Rb3+ 37. Ke4 Re8+ 38. Kf4 d3 0-1

[Event "Arica op 6th"]
[Site "Arica"]
[Date "2019.12.15"]
[Round "1"]
[White "Fuentes Inzunza, Lesly"]
[Black "Martinez Alcantara, Jose Eduardo"]
[Result "0-1"]
[WhiteElo "1870"]
[BlackElo "2592"]
[PlyCount "60"]
[EventDate "2019.12.15"]
[EventType "swiss"]
[EventRounds "10"]
[EventCountry "CHI"]
[SourceTitle "CBM 193 Extra"]
[Source "ChessBase"]
[SourceDate "2020.01.31"]
[SourceVersion "1"]
[SourceVersionDate "2020.01.31"]
[SourceQuality "1"]

1. d4 Nf6 2. Nf3 e6 3. Bf4 c5 4. e3 b6 5. c4 Bb7 6. Nc3 cxd4 7. Nxd4 a6 8. a3 d6 9. Nf3 Be7 10. Be2 0-0 11. 0-0 Qc7 12. Rc1 Nbd7 13. h3 Rfd8 14. Qb3 Rac8 15. Rfd1 Bc6 16. Qa2 Qb8 17. Nd4 Bb7 18. Bh2 Qa8 19. Bf3 Nc5 20. Bxb7 Qxb7 21. b4 Nce4 22. Nxe4 Nxe4 23. Nf3 h6 24. Qb3 Bf6 25. Nd2 Nxd2 26. Rxd2 d5 27. Rdc2 dxc4 28. Rxc4 Qd5 29. Bg3 b5 30. R4c3 Qxb3 0-1

[Event "CHI-ch (Women)"]
[Site "Santiago de Chile"]
[Date "2017.01.07"]
[Round "9"]
[White "Fuentes Inzunza, Lesly"]
[Black "Sanchez Tobar, Francisca Valentina"]
[Result "1-0"]
[WhiteElo "1868"]
[BlackElo "1580"]
[PlyCount "93"]
[EventDate "2017.01.03"]
[EventType "swiss"]
[EventRounds "9"]
[EventCountry "CHI"]
[SourceTitle "CBM 176 Extra"]
[Source "ChessBase"]
[SourceDate "2017.03.02"]
[SourceVersion "1"]
[SourceVersionDate "2017.03.02"]
[SourceQuality "1"]

1. d4 d5 2. Nf3 Nf6 3. Bf4 c5 4. e3 Qb6 5. Qc1 Nc6 6. c3 Bf5 7. Nbd2 Rc8 8. a3 c4 9. Be2 e6 10. 0-0 Be7 11. h3 h6 12. Re1 0-0 13. Bd1 Rfd8 14. Bc2 Bxc2 15. Qxc2 Na5 16. e4 Nb3 17. Rad1 Nxd2 18. Nxd2 dxe4 19. Nxe4 Nxe4 20. Rxe4 Bf6 21. Qe2 Qc6 22. Re1 Rd5 23. Qg4 Kh7 24. h4 Qb5 25. Bc1 Rh5 26. g3 Qf5 27. Qe2 Qg6 28. Kh2 Rd5 29. Kg2 Rh5 30. Rh1 Rd8 31. Rg4 Qf5 32. Rf4 Qd5+ 33. f3 Rf5 34. Re4 Qb5 35. g4 Rfd5 36. g5 Be7 37. gxh6 gxh6 38. Rg4 Bf8 39. Kf2 Bg7 40. Rhg1 Rg8 41. Qe3 Rh5 42. Qf4 Qf5 43. Qe4 Qxe4 44. fxe4 Rb5 45. Kf3 Ra5 46. Bf4 Rb5 47. Be5 1-0

[Event "CHI-ch (Women)"]
[Site "Santiago de Chile"]
[Date "2017.01.03"]
[Round "1"]
[White "Leiva Munoz, Antonia"]
[Black "Fuentes Inzunza, Lesly"]
[Result "0-1"]
[WhiteElo "1329"]
[BlackElo "1868"]
[PlyCount "44"]
[EventDate "2017.01.03"]
[EventType "swiss"]
[EventRounds "9"]
[EventCountry "CHI"]
[SourceTitle "CBM 176 Extra"]
[Source "ChessBase"]
[SourceDate "2017.03.02"]
[SourceVersion "1"]
[SourceVersionDate "2017.03.02"]
[SourceQuality "1"]

1. e4 c6 2. Nf3 d5 3. exd5 cxd5 4. d4 Nc6 5. Be2 Nf6 6. 0-0 Bf5 7. Na3 e6 8. c4 Bxa3 9. bxa3 dxc4 10. Bxc4 0-0 11. Be3 Qd6 12. a4 Rfd8 13. a3 Rac8 14. Bd3 Bxd3 15. Qxd3 e5 16. Qc4 Nxd4 17. Qb4 Nxf3+ 18. gxf3 Qd5 19. f4 Ng4 20. Bxa7 Qf3 21. Qb2 Rc6 22. fxe5 Rg6 0-1

[Event "Santiago Women of Chile"]
[Site "Santiago de Chile"]
[Date "2016.01.15"]
[Round "7.1"]
[White "Fuentes Inzunza, Lesly"]
[Black "Gomez Barrera, Javiera Belen"]
[Result "1-0"]
[WhiteElo "1839"]
[BlackElo "1952"]
[PlyCount "81"]
[EventDate "2016.01.12"]
[EventType "swiss"]
[EventRounds "9"]
[EventCountry "CHI"]
[SourceTitle "EXT 2024"]
[Source "ChessBase"]
[SourceDate "2023.10.10"]
[SourceVersion "1"]
[SourceVersionDate "2023.10.10"]
[SourceQuality "1"]

1. d4 Nf6 2. c4 g6 3. Nc3 Bg7 4. g3 0-0 5. Bg2 d6 6. e4 Nbd7 7. Nge2 e5 8. 0-0 a5 9. h3 Re8 10. d5 Nc5 11. Be3 b6 12. b3 Nh5 13. Rb1 f5 14. f3 f4 15. Bf2 fxg3 16. Bxg3 Nf4 17. Nxf4 exf4 18. Be1 Qg5 19. Kh1 Qh5 20. Kh2 g5 21. Nb5 Re7 22. a3 Be5 23. Bc3 Bxc3 24. Nxc3 Nd7 25. Rh1 Ne5 26. Kg1 Bd7 27. Qe2 Qg6 28. Kf2 h5 29. Rbg1 Qf6 30. Qc2 Rg7 31. Bf1 g4 32. hxg4 hxg4 33. Be2 Nxf3 34. Bxf3 Qd4+ 35. Kf1 gxf3 36. Rxg7+ Qxg7 37. Nd1 Qg3 38. Qh2 Qxh2 39. Rxh2 Re8 40. Nc3 Kf7 41. Rh7+ 1-0